000
00324 a2200121 4500
000
nam a22 7a 4500
005
20260302163506.0
020
_a
9781394185511
100
_a
Loke, Seng W.
_9
1123505
245
_a
From Distribited Quantum Computing to Quantum Internet Computing
260
_b
Wiley
_c
2024
942
_c
TEXL
999
_c
1688419
_d
1688419